000 01857cam a22004814i 4500
003 PE-LiUPU
005 20250731173022.0
008 150623s1994 sp rb 000 0 spa d
020 _a8476457995
035 _a(Sirsi) i9788476457993
040 _aPE-LiUPU
_bspa
_cPE-LiUPU
_erda
049 _aPRUA
082 0 4 _a264
_bK89
_221
100 1 _aKüen, Alfred,
_eautor.
245 1 3 _aEl culto en la Biblia y en la historia /
_cAlfred Küen ; [versión española, Eva Bárcena] [Texto impreso].
264 1 _aBarcelona :
_bClie,
_c1994.
300 _a301 páginas ;
_c20 centímetros.
336 _atext
_2rdacontent
337 _aunmediated
_2rdamedia
338 _avolume
_2rdacarrier
490 0 _aEkklesia ;
_v5
504 _aIncluye bibliografía.
505 0 _a¿Por qué el culto? -- Que es el culto -- La adoración -- La alabanza -- Como adoraron los creyentes de los tiempos bíblicos -- El culto personal -- El culto familiar -- El culto en el tabernáculo -- El culto en el templo -- El culto en la sinagoga -- El culto en la edad media -- De la reforma a nuestros días.
526 _aSEG42
526 _aSEG41
526 _aSEG40
526 _aSEG39
526 _aP94
526 _aP87
526 _aP86
526 _aP85
526 _aP77
526 _aP76
526 _aP35
650 0 4 _aCulto en la Biblia.
650 0 4 _aCulto
_xHistoria.
942 _2ddc
_cBOOK
949 _a264 K89
_wDEWEY
_c1
_i47739
_d2016-6-7
_e2016-6-6
_lCCODEBUL1
_mBUL
_n7
_r0
_sY
_tBOOK
_u2015-6-24
_xTEOLOGIA
_PP35
_0COMPRA
_o.STAFF. Colección General
994 _aC0
_bPEPRU
596 _a1
999 _a264 K89
_wDEWEY
_c24250
_i47739
_d24250
_e2018-9-25
_f2021-11-10
_g5
_lCCODEBUL1
_mBUL
_n8
_p25.00
_q6
_r0
_sY
_tBOOK
_u2015-6-24
_xTEOLOGIA
_PP35
_0COMPRA
_o.STAFF. Colección Teología
980 _81
_gALBERTO SANCHEZ Responsable de Automatización